NBA défenseur de l'année - mort subite - Statistiques

Statistiques générales
  • Ce quiz a été pris 339 fois
  • Le résultat moyen est 4 sur 6
Answers on the Grid
Answers color-coded by a green-red scale on the quiz's grid according to % correct below.
Shaquille O'Neal
Victor Wembanyama
Dikembe Mutombo
LeBron James
Nikola Jokić
Rudy Gobert
Michael Jordan
Kareem Abdul-Jabbar
Ben Wallace
Jayson Tatum
Joakim Noah
Bobby Jones
Sidney Moncrief
Shane Battier
Dwyane Wade
 
Statistiques - réponses
Réponse % Correct
Rudy Gobert
89%
Dikembe Mutombo
74%
Joakim Noah
69%
Ben Wallace
65%
Michael Jordan
65%
Sidney Moncrief
33%
Aucun quiz correspondant
Distribution des résultats
% des personnes avec chaque résultat
Percentile par nombre de réponses
Votre historique - résultats
Vous n’avez pas pris ce quiz